Globalizácia a nároky na adaptáciu malej krajiny s vysoko otvorenou ekonomikou
Posúdenie otvorenosti slovenskej ekonomiky. Tempá rastu HDP na obyvateľa. Inovačná výkonnosť ako stáva kľúčový aspekt kreovania stratégie konkurencieschopnosti. Inovačné indexy. Rýchlosti reštrukturalizačných postupov. Veda a výskum. Inovačné podnikanie.
Saved in:
| Main Author: | |
|---|---|
| Format: | Book Chapter |
| Language: | Slovak |
| Subjects: | |
| Tags: |
No Tags, Be the first to tag this record!
|
MARC
| LEADER | 00000nla$a2200000$$$4500 | ||
|---|---|---|---|
| 001 | 0079168 | ||
| 005 | 20220427135158.1 | ||
| 041 | 0 | |a slo | |
| 044 | |a SK | ||
| 245 | 1 | 0 | |a Globalizácia a nároky na adaptáciu malej krajiny s vysoko otvorenou ekonomikou |c Milan Šikula |
| 520 | |a Posúdenie otvorenosti slovenskej ekonomiky. Tempá rastu HDP na obyvateľa. Inovačná výkonnosť ako stáva kľúčový aspekt kreovania stratégie konkurencieschopnosti. Inovačné indexy. Rýchlosti reštrukturalizačných postupov. Veda a výskum. Inovačné podnikanie. | ||
| 610 | 2 | 0 | |a globalizácia |
| 610 | 2 | 0 | |a adaptácia |
| 610 | 2 | 0 | |a Slovensko |
| 610 | 2 | 0 | |a produkt domáci hrubý |
| 610 | 2 | 0 | |a inovácia |
| 610 | 2 | 0 | |a vlastníctvo duševné |
| 610 | 2 | 0 | |a podnikanie |
| 100 | 1 | |a Šikula, Milan | |